| 000 | 01082 a2200241 4500 | ||
|---|---|---|---|
| 003 | Nust | ||
| 005 | 20220812150212.0 | ||
| 010 | _a 2004051935 | ||
| 020 | _a0849330351 (alk. paper) | ||
| 040 | _cNust | ||
| 082 | 0 | 0 | _a621.381044 |
| 100 | 1 |
_aEmadi, Ali. _960201 |
|
| 245 | 1 | 0 |
_aUninterruptible power supplies and active filters / _cAli Emadi, Abdolhosein Nasiri, Stoyan B. Bekiarov. |
| 260 |
_aBoca Raton : _bCRC Press, _cc2005. |
||
| 300 |
_a276 p. : _bill. ; _c25 cm. |
||
| 440 | 0 |
_aPower electronics and applications series _983246 |
|
| 505 | _aUninterruptible Power Supplies (Page-1), Active Filters (Page-63), Unified Power Quality Conditioners (Page-117), Reduced-Parts Uninterruptible Power Supplies (Page-133), Reduced-Parts Active Filters (Page-211) Modeling, Analysis, and Digital Control References (Page-271). | ||
| 650 | 0 | _aTelecommunication Engineering. | |
| 700 | 1 |
_aBekiarov, Stoyan B. _997026 |
|
| 700 | 1 |
_aNasiri, Abdolhosein. _997027 |
|
| 856 | 4 | 2 |
_3Publisher description _uhttp://www.loc.gov/catdir/enhancements/fy0647/2004051935-d.html |
| 942 |
_cREF _2ddc |
||
| 999 |
_c175556 _d175556 |
||